MERCOSUR estado, economía, comunicación y cultura

Gespeichert in:
Bibliographische Detailangaben
1. Verfasser: Solanas, Facundo
Weitere Verfasser: Vazquez, Mariana
Format: Buch
Sprache:Spanisch
Veröffentlicht: Buenos Aires Oficina de Publicaciones del CBC 1997
Schlagworte:
Tags: Tag hinzufügen
Keine Tags, Fügen Sie das erste Tag hinzu!

MARC

LEADER 00000nam$a2200000$$$4500
001 0034624
005 20221129110004.4
020 |a 950-29-0480-X 
041 0 |a spa 
044 |a AR 
245 1 0 |a MERCOSUR  |b estado, economía, comunicación y cultura  |c Facundo Solanas - Mariana Vazquez 
264 1 |a Buenos Aires  |b Oficina de Publicaciones del CBC  |c 1997 
300 |a 224 s. 
610 2 0 |a situácia hospodárska 
610 2 0 |a situácia sociálna 
610 2 0 |a kultúra 
610 2 0 |a komunikácia 
610 2 0 |a globalizácia 
610 2 0 |a história 
610 2 0 |a vývoj politický 
610 2 0 |a náboženstvo 
610 2 0 |a obchod 
610 2 0 |a vývoz 
610 2 0 |a integrácia ekonomická 
610 2 0 |a spolupráca hospodárska medzinárodná 
610 2 0 |a privatizácia 
610 2 0 |a hospodárstvo národné 
610 2 0 |a technológie informačné 
610 2 0 |a telekomunikácie 
610 2 0 |a fúzie 
610 2 0 |a televízia 
610 2 0 |a rozhlas 
610 2 0 |a Brazília 
610 2 0 |a Argentína 
610 2 0 |a Latinská Amerika 
610 2 0 |a Európska únia 
100 1 |a Solanas, Facundo 
700 1 |a Vazquez, Mariana